"The" Bands - Statistics

General Stats
  • This quiz has been taken 69 times
  • The average score is 21 of 41
Answer Stats
Song Band % Correct
Hey Jude The Beatles
98%
(I Can't Get No) Satisfaction The Rolling Stones
89%
Surfin' U.S.A. The Beach Boys
86%
Londing Calling The Clash
82%
Baba O'Riley The Who
82%
Seven Nation Army The White Stripes
79%
California Dreamin' The Mamas & The Papas
77%
Bitter Sweet Symphony The Verve
77%
Friday I'm In Love The Cure
76%
Zombie The Cranberries
74%
You Really Got Me The Kinks
74%
Message In A Bottle The Police
73%
House Of The Rising Sun The Animals
71%
Love Shack The B-52's
68%
Riders On The Storm The Doors
68%
I'm A Believer The Monkees
68%
Iris The Goo Goo Dolls
62%
Somebody Told Me The Killers
61%
My Sharona The Knack
61%
My Girl The Temptations
53%
Pretty Fly (For A White Guy) The Offspring
52%
Happy Together The Turtles
52%
1979 The Smashing Pumpkins
50%
American Woman The Guess Who
47%
There Is A Light That Never Goes Out The Smiths
42%
How To Save A Life The Fray
41%
Time Of The Season The Zombies
41%
I Want You Back The Jackson 5
38%
Last Nite The Strokes
35%
Our Lips Are Sealed The Go-Go's
33%
Ho Hey The Lumineers
32%
Lonely Boy The Black Keys
27%
Closer The Chainsmokers
23%
Sweater Weather The Neighbourhood
21%
What I Like About You The Romantics
21%
Hall of Fame The Script
21%
Naive The Kooks
17%
Sunday Morning The Velvet Underground
15%
Somebody To You The Vamps
6%
Here I Come The Roots
5%
Better The Screaming Jets
0%
No matching quizzes found
Score Distribution
Percent of People with Each Score
Percentile by Number Answered
Your Score History
You have not taken this quiz